The early universe

Guardat en:
Dades bibliogràfiques
Autors principals: Kolb, Edward W (Autor), Turner, Michael S (Autor)
Format: Llibre
Idioma:anglès
Publicat: Reading Addison-Wesley 1990
Col·lecció:Frontiers in Physics
Matèries:
Etiquetes: Afegir etiqueta
Sense etiquetes, Sigues el primer a etiquetar aquest registre!

MARC

LEADER 00000nam a2200000 a 4500
001 UCH3076
003 CL-VaPUC
008 090715e19900000US |||||||||||||||||eng|d
020 |a 0201116030 
082 0 4 |a 523.1  |b KOL  |2 21 
100 0 |a Kolb, Edward W  |e author  |9 538231 
700 0 |a Turner, Michael S  |e author  |9 538232 
245 1 4 |a The early universe 
300 |a 547 p 
942 |c BK 
945 |d 20090715 00:00:00  |a rbrito 
260 |a Reading  |b Addison-Wesley  |c 1990 
650 0 |a Cosmología  |9 269138 
650 0 |a Termodinámica   |9 259320 
583 |a last modification  |c 20090715 00:00:00  |k Rodrigo Vera 
490 0 |a Frontiers in Physics 
999 |c 334715  |d 334713 
952 |0 0  |1 0  |4 0  |6 523_100000000000000_KOL_1990  |7 0  |8 A  |9 423860  |a BIBCUR  |b BIBCUR  |d 2019-11-22  |i 4535510  |o 523.1 KOL 1990  |p 4535510  |r 2025-04-22  |w 2019-11-22  |y BK  |k FIS